000 01032nam0a22002651 4500
001 rc\756362
005 20040301142517.9
035 _a(NLR Aleph) 006284390
090 _a7083357
_c7083357
100 _a20040301d1985 u |0rusy50 ca
101 0 _arus
102 _aRU
105 _aa |||||||||
200 1 _aОсобенности неупругого рассеяния света вблизи точки фазового перехода в кристаллах кварца и танталата лития
210 _aМ.
_cБ. и.
_d1985
215 _a[1], 29 с.
_cграф.
_d21
225 1 _aПрепринт
_fАН СССР, Физ. ин-т им. П.Н. Лебедева. Опт. лаб.
_v№ 121
_iОптика и спектроскопия
320 _aБиблиогр.: с. 28-29
700 1 _aГорелик
_bВ. С.
_gВладимир Семенович
701 1 _aТочилин
_bС. Д.
801 0 _aRU
_bNLR
_gpsbo
801 1 _aRU
_bELAR
_2rusmarc
852 _aNLR
_j86-4/22188
942 _cBOOK
980 _aNB